| 000 | 01942nam2a22002651 4500 | ||
|---|---|---|---|
| 001 | rc\4398256 | ||
| 005 | 20250611165903.0 | ||
| 021 |
_aRU _b68-81517 |
||
| 021 |
_aRU _b68-81516 |
||
| 021 |
_aRU _bРг7452-68 |
||
| 035 | _a(NLR Aleph) 008297257 | ||
| 090 |
_a8613512 _c8613512 |
||
| 100 | _a20130416d1968 |||y0rusy50 ca | ||
| 101 | 0 | _arus | |
| 102 | _aRU | ||
| 105 | _ay z ||||| | ||
| 200 | 1 | _aСекция "Радиационная химия" | |
| 210 |
_d1968 _aБ. м. |
||
| 215 | _a95 с. | ||
| 461 | 0 |
_1001rc\4398249 _12001#$aТезисы докладов...$e[1]-$fГос. ком. по использованию атомной энергии СССР. Гос. ком. Совета Министров СССР по науке и технике. АН СССР. Всесоюз. науч.-техн. конференция "XX лет производства и применения изотопов и источников ядерных излучений в нар. хозяйстве СССР"$v[7] _98613473 _a"XX лет производства и применения изотопов и источников ядерных излучений в народном хозяйстве СССР", всесоюзная научно-техническая конференция (1968 ; Минск) _cМосква _d1968 _fГос. ком. по использованию атомной энергии СССР. Гос. ком. Совета Министров СССР по науке и технике. АН СССР. Всесоюз. науч.-техн. конференция "XX лет производства и применения изотопов и источников ядерных излучений в нар. хозяйстве СССР" _nАтомиздат _o[1]- _tТезисы докладов... _v[7] |
|
| 801 | 0 |
_aRU _bNLR _gpsbo |
|
| 801 | 1 |
_aRU _bELAR _2rusmarc |
|
| 852 |
_aNLR _j68-4/22841 |
||
| 942 | _cBOOK | ||
| 980 | _aNB | ||